| 000 | 01046nam a22003137a 4500 | ||
|---|---|---|---|
| 999 |
_c200451293 _d69505 |
||
| 001 | 200451293 | ||
| 003 | TR-AnTOB | ||
| 005 | 20230112160318.0 | ||
| 007 | ta | ||
| 008 | 230112s2022 tu a|||j |||| 00| 0 tur d | ||
| 020 | _a9786056579004 | ||
| 040 |
_aTR-AnTOB _beng _erda _cTR-AnTOB |
||
| 041 | 0 | _atur | |
| 092 |
_a370.11 _bKAYc 2022 |
||
| 100 | 1 |
_aKaygusuz, Rasim. _eauthor |
|
| 245 | 1 |
_aCin ali’nin oyuncakları : _bno. 5 / _cRasim Kaygusuz ; Resimleyen: Selçuk Seymen. |
|
| 250 | _a1. baskı | ||
| 264 | 1 |
_aİstanbul : _bCin Ali Yayınları, _c2022. |
|
| 300 |
_a18 pages : _billustrations ; _c16 cm. |
||
| 336 |
_2rdacontent _atext _btxt |
||
| 337 |
_2rdamedia _aunmediated _bn |
||
| 338 |
_2rdacarrier _avolume _bnc |
||
| 500 | _a" 19 Mart 1973 Tarihli ve 1738 Sayılı Tebliğler Dergisi ile İlkokullara Tasiye Edilmiştir." | ||
| 653 |
_aÇocuk edebiyatı _aÇocuk hikayeleri _aOkuma kitapları |
||
| 700 | 1 |
_aSeymen, Selçuk _eillustrator _9140124 |
|
| 942 |
_2ddc _cBK |
||